| 000 | 00752nam a22002177a 4500 | ||
|---|---|---|---|
| 999 |
_c19543 _d19543 |
||
| 003 | AR-CdUCM | ||
| 008 | 190517b ||||| |||| 00| 0 spa d | ||
| 040 |
_aMUNICIPALIDAD PROVINCIAL DEL CUSCO _cBIBLIOTECA MUNICIPAL DEL CUSCO |
||
| 082 |
_a869.56 / _bC98 |
||
| 110 |
_aConcejo provincial del Cusco _936828 |
||
| 245 |
_aLiteratura Cusqueña contemporánea : _bWanakauri / |
||
| 260 |
_aCusco : _bTarea, _c1984. |
||
| 300 |
_a124 páginas ; _c23 cm. |
||
| 440 |
_aComisión de cultura educación recreación y deportes _940945 |
||
| 505 | _aContenido : Antología poética cusqueña -- Indigenismo... | ||
| 650 |
_aAntologia poetica _93092 |
||
| 650 |
_aPoesías _92272 |
||
| 650 |
_aNovela indigenista _9791 |
||
| 942 |
_2ddc _cLIBROS |
||
| 945 | _arcc | ||